[Event "ROM-ch U08"]
[Site "Baile Felix"]
[Date "2017.02.08"]
[Round "8"]
[White "Strajan, Andrei Mihai"]
[Black "Lefter, Albert"]
[Result "0-1"]
[WhiteElo "1066"]
[BlackElo "1001"]
[PlyCount "80"]
[EventDate "2017.02.02"]
[EventType "swiss"]
[EventRounds "9"]
[EventCountry "ROU"]
[SourceTitle "CBM 176 Extra"]
[Source "ChessBase"]
[SourceDate "2017.03.02"]
[SourceVersion "1"]
[SourceVersionDate "2017.03.02"]
[SourceQuality "1"]

1. e4 c6 2. d4 d5 3. exd5 cxd5 4. Bd3 Nc6 5. c3 Nf6 6. h3 Bd7 7. Nf3 e6 8. Bg5 Be7 9. 0-0 0-0 10. Nbd2 h6 11. Bxf6 Bxf6 12. Rc1 a6 13. Bb1 b5 14. Qc2 g6 15. g3 Bg7 16. h4 h5 17. b4 Qc7 18. Ng5 e5 19. dxe5 Qxe5 20. Ndf3 Qc7 21. Rfd1 Bg4 22. Rxd5 Bh6 23. c4 Bxf3 24. Nxf3 Nxb4 25. Qe4 Nxd5 26. Rd1 Nc3 27. Qc2 Nxd1 28. Qxd1 Qxc4 29. Ne5 Rad8 30. Qe1 Rfe8 31. Kh2 Bg7 32. Nxc4 Rxe1 33. Kg2 bxc4 34. Bc2 Rd2 35. Ba4 c3 36. Kf3 Rxa2 37. Bb3 c2 38. Bxa2 c1Q 39. Kg2 Qc6+ 40. Kh3 Qh1# 0-1

[Event "ROM-ch U08"]
[Site "Calimanesti Caciulata"]
[Date "2016.04.18"]
[Round "1"]
[White "Lefter, Albert"]
[Black "Radu, Teodor"]
[Result "0-1"]
[WhiteElo "1001"]
[BlackElo "1121"]
[PlyCount "84"]
[EventDate "2016.04.18"]
[EventType "swiss"]
[EventRounds "9"]
[EventCountry "ROU"]
[SourceTitle "CBM 172 Extra"]
[Source "ChessBase"]
[SourceDate "2016.06.21"]
[SourceVersion "1"]
[SourceVersionDate "2016.06.21"]
[SourceQuality "1"]

1. e4 e6 2. d4 d5 3. exd5 exd5 4. Qe2+ Be6 5. Qe3 Nf6 6. Bb5+ c6 7. Bd3 Be7 8. Qe2 0-0 9. Nf3 Nbd7 10. 0-0 Nb6 11. Nc3 Qd6 12. b3 Bd8 13. Nb1 Bc7 14. Ba3 Qd7 15. Bxf8 Rxf8 16. Nc3 Qd6 17. a4 Bg4 18. g3 a5 19. Qe3 Qb4 20. Qe7 Qxe7 21. Rae1 Qb4 22. Na2 Qd6 23. Re3 Nbd7 24. Rfe1 b5 25. Ng5 g6 26. Re7 c5 27. c3 cxd4 28. Bxb5 dxc3 29. Nxc3 Ne5 30. R7xe5 Qb4 31. R5e3 d4 32. Nd5 Nxd5 33. Re4 Nf6 34. Re7 Bd8 35. Rb7 Qxe1+ 36. Bf1 h6 37. Nf3 Bxf3 38. Rb8 Bg4 39. Kg2 Qe4+ 40. Kg1 Be6 41. Bb5 Bd5 42. Be2 Qg2# 0-1